Vplyv internacionalizácie maloobchodu na Slovensku na nákupné správanie sa zákazníkov vybraných veľkoplošných predajní

Hodnotenie atomizácie maloobchodnej siete z časového hľadiska na území Českej a Slovenskej republiky. Nákupné správanie sa a nákupné centrá. Frekvencia nakupovania zákazníkov vo vybraných veľkoplošných predajniach.

Guardado en:
Detalles Bibliográficos
Autor principal: Fertaľová, Jana
Formato: Capítulo de libro
Lenguaje:eslovaco
Materias:
Etiquetas: Agregar Etiqueta
Sin Etiquetas, Sea el primero en etiquetar este registro!

MARC

LEADER 00000naa$a2200000$$$4500
001 0051561
005 20220725110211.1
041 0 |a slo 
044 |a SK 
245 1 0 |a Vplyv internacionalizácie maloobchodu na Slovensku na nákupné správanie sa zákazníkov vybraných veľkoplošných predajní  |c Jana Fertaľová 
520 |a Hodnotenie atomizácie maloobchodnej siete z časového hľadiska na území Českej a Slovenskej republiky. Nákupné správanie sa a nákupné centrá. Frekvencia nakupovania zákazníkov vo vybraných veľkoplošných predajniach. 
610 2 0 |a správanie spotrebiteľa 
610 2 0 |a internacionalizácia 
610 2 0 |a maloobchod 
610 2 0 |a siete maloobchodné 
610 2 0 |a hypermarkety 
610 2 0 |a Česko 
610 2 0 |a Slovensko 
610 2 0 |a koncentrácia 
610 2 0 |a centrá nákupné 
610 2 0 |a centrá obchodné 
610 2 0 |a spotrebitelia 
610 2 0 |a prieskum spotrebiteľský 
100 1 |a Fertaľová, Jana